000 00835nam a2200205 a 4500
003 0
005 20250430104743.0
008 050808s19uu xx 00 eng d
050 _aPHS LB 3605
_b.D45 2005
100 _aDel Prado, Manuel Carlos Abrera.
245 _aAdjusting to high school: a comparative study between traditional and non-traditional elementary school graduates /
_cManuel Carlos Abrera Del Prado.
260 _aLas PiƱas City, Philippines :
_bSouthville International School and Colleges,
_c2005.
300 _a29 pages ;
_c28 cm.
504 _aIncludes bibliographical references.
650 _aSchool adjustment.
650 _2Library of Congress Subject Headings
_aTraditional versus non-traditional education.
650 _aAdolescent development
_xSchool adjustment.
942 _2lcc
_cPASS
999 _c97215
_d97215